00408nam a22001457a 450000500170000002000260001703700240004308200060006710000190007324500420009226000370013427000480017130000200021949000230023920120106111713.0 a9780545152952c475.00 bBlue Berry/VenaDPL aS aKorman, Gordon aThe storm warning /bby Gordon korman bScholastic PressaNew Yorkc2010 bNew Yorka557 Broadway, New YorkeNY 110012 a190p.c19cm(Hb) aThe 39 clues, bk-9